Fr. Conceicao Rodrigues College of Engineering

Fundamentals of wireless communication (Record no. 22571)

MARC details
000 -LEADER
fixed length control field 00423nam a2200169Ia 4500
082 ## - DEWEY DECIMAL CLASSIFICATION NUMBER
Classification number 621.382
Item number TSE
100 ## - MAIN ENTRY--PERSONAL NAME
Personal name Tse/David/ viswanath/Pramod
245 ## - TITLE STATEMENT
Title Fundamentals of wireless communication
260 ## - PUBLICATION, DISTRIBUTION, ETC.
Name of publisher, distributor, etc. Cambridge University Press
Date of publication, distribution, etc. 2010
366 ## - TRADE AVAILABILITY INFORMATION
Publishers's discount category 25
300 ## - PHYSICAL DESCRIPTION
Extent 273
546 ## - LANGUAGE NOTE
Language note ENGLISH
-- PAMPHALETS
650 ## - SUBJECT ADDED ENTRY--TOPICAL TERM
Topical term or geographic name entry element Wireless communication
654 ## - SUBJECT ADDED ENTRY--FACETED TOPICAL TERMS
Focus term wireless communication
942 ## - ADDED ENTRY ELEMENTS (KOHA)
Koha item type BOOK
Holdings
Withdrawn status Lost status Damaged status Not for loan Collection Home library Current library Date acquired Source of acquisition Cost, normal purchase price Inventory number Total Checkouts Full call number Barcode Date last seen Cost, replacement price Price effective from Koha item type
        CRC Fr. Agnel's C.Rodrigues College of Engineering Fr. Agnel's C.Rodrigues College of Engineering 17/03/2023 Allied Publishers 596.25 1045 dt 03.11.2015   621.382 TSE 23840 17/03/2023 795.00   BOOK
        CRC Fr. Agnel's C.Rodrigues College of Engineering Fr. Agnel's C.Rodrigues College of Engineering 17/03/2023 Allied Publishers 596.25 1045 dt 03.11.2015   621.382 TSE 23841 17/03/2023 795.00   BOOK
        CRC Fr. Agnel's C.Rodrigues College of Engineering Fr. Agnel's C.Rodrigues College of Engineering 17/03/2023 Allied Publishers 596.25 1045 dt 03.11.2015   621.382 TSE 23842 17/03/2023 795.00   BOOK